000 00585nam a22001817a 4500
999 _c62063
_d62063
005 20240702112941.0
008 240702s2020 enk||||| |||| 00| 0 eng d
020 _a9783030484170x
041 _aeng
080 _a17 B-79
100 _aBos, Jaap
_922644
245 _aResearch Ethics for Students in the Social Sciences /
_cJaap Bos.
264 _aUtrecht :
_bSpringer,
_c2020.
300 _a287 p.:
_bill.;
_c24 cm.
653 _aკვლევის ეთიკა
653 _aსოციალური მეცნიერებები
942 _2udc
_cᲬᲘᲒᲜᲘ